Bác Hồ viết di chúc : Hồi ký của Vũ Kỳ

Wedi'i Gadw mewn:
Manylion Llyfryddiaeth
Prif Awdur: Vũ, Kỳ
Fformat: Llyfr
Iaith:Undetermined
Cyhoeddwyd: Hà Nội Kim Đồng 2000
Pynciau:
Tagiau: Ychwanegu Tag
Dim Tagiau, Byddwch y cyntaf i dagio'r cofnod hwn!
Thư viện lưu trữ: Trung tâm Học liệu Trường Đại học Cần Thơ
LEADER 00624nam a2200217Ia 4500
001 CTU_38354
008 210402s9999 xx 000 0 und d
082 |a 324.2597075 
082 |b K600 
100 |a Vũ, Kỳ 
245 0 |a Bác Hồ viết di chúc : 
245 0 |b Hồi ký của Vũ Kỳ 
245 0 |c Vũ Kỳ ; Thế Kỷ (ghi) 
260 |a Hà Nội 
260 |b Kim Đồng 
260 |c 2000 
650 |a Ho Chi Minh 
650 |x Biography,Hồ Chí Minh 
650 |y Tiểu sử 
904 |i Q. Hiếu (sửa) 
980 |a Trung tâm Học liệu Trường Đại học Cần Thơ